Piešťany

Zobrazenie: Pohľad na kúpele Thermia Palace mierne sprava. V popredí kúpeľný park. V pozadí parku, na jeho okraji sú rozložené záhradné stoly a stoličky, na ktorých oddychujú kúpeľní hostia. Vľavo je časť stromu. Vpravo je niekoľko stromov

Bibliographic Details
Format: Postcard
Language:Slovak
PhysicalDescription:1 pohľadnica čiernobiela 11 x 15 cm
Published: Praha Orbis 1964
Subjects:

MARC

LEADER 00000nkm a2200000 a 4500
001 vtls011824297
003 SK-MaSNL
005 20260512124204.0
007 kp bo
008 230718s1964 xr g kuslo
015 |a SNBG1964 
035 |a urn:nbn:sk:snk-km00dqa1 
035 |a urn:nbn:sk:snk-km3lx40 
035 |a 71DEE0A5-6B0A-4B1A-AEA2-BFDE68E26969 
040 |a SNK  |b slo  |c SNK  |e AACR2 
041 0 |a slo 
043 |a e-xo--- 
044 |a xr  |c CZ 
072 7 |a 913  |x Regionálna geografia  |2 konspekt 
080 |a 913(437.6)  |2 2011 
080 |a 711.455:615.838  |2 2011 
080 |a (084.121)  |2 2011 
080 |a 712.253  |2 2011 
245 0 0 |a Piešťany  |h grafika 
260 |a Praha  |b Orbis  |c 1964 
300 |a 1 pohľadnica  |b čiernobiela  |c 11 x 15 cm 
520 8 |a Zobrazenie: Pohľad na kúpele Thermia Palace mierne sprava. V popredí kúpeľný park. V pozadí parku, na jeho okraji sú rozložené záhradné stoly a stoličky, na ktorých oddychujú kúpeľní hostia. Vľavo je časť stromu. Vpravo je niekoľko stromov 
650 0 7 |a kúpele  |2 SNKPH  |9 1139 
650 0 7 |a parky  |2 SNKPH  |9 2942 
651 7 |a Piešťany (Slovensko)  |2 SNKPHgeo  |9 23981 
655 7 |a miestne pohľadnice  |2 SNKPH  |9 70510 
852 |a Slovenská národná knižnica 
954 |a pohľadnice pôvodné (slovenské)  |2 lita 
954 |a pohľadnice cudzojazyčné (svetové)  |2 lita 
958 |a GBN 
958 |a GC 
958 |a OND 
958 |a EUIPO 
999 |c 858828  |d 860758 
952 |a SNK  |b SNK  |y PREZ  |7 0  |p 17A1288769  |o snkSP 53812  |0 0  |1 0  |4 0  |d 2018-11-21  |f 1  |l 0  |r 2026-02-24 05:04:36  |w 2026-02-24